AH International Schools' Libraries

Normal view MARC view
  • Leadership. Business. Self help. Management

Entry Topical Term

Number of records used in: 1

001 - CONTROL NUMBER

  • control field: 86733

003 - CONTROL NUMBER IDENTIFIER

  • control field: OSt

005 - DATE AND TIME OF LATEST TRANSACTION

  • control field: 20251007113043.0

008 - FIXED-LENGTH DATA ELEMENTS

  • fixed length control field: 251007|| aca||aabn | a|a d

040 ## - CATALOGING SOURCE

  • Original cataloging agency: OSt
  • Transcribing agency: OSt

150 ## - HEADING--TOPICAL TERM

  • Topical term or geographic name as entry element: Leadership. Business. Self help. Management

670 ## - SOURCE DATA FOUND

  • Source citation: Work cat.: (OSt)49615: Maxwell, John C. 86732, The 17 indisputable law of teamwork :

For any Logos Library related questions please contact Miss Art at swongnarasuk@asianhope.org.

For any Asian Hope Library related questions please contact Miss Raza at graza@asianhope.org.

Click here to explore our ebooks!

Powered by Koha